Rembrandt y la sinagoga española / (Record no. 56163)

MARC details
000 -LEADER
campo de control de longitud fija 00668nam a2200205 i 4500
001 - NÚMERO DE CONTROL
campo de control 56163
003 - IDENTIFICADOR DE NÚMERO DE CONTROL
campo de control ES-MaACL
005 - FECHA Y HORA DE LA ÚLTIMA TRANSACCIÓN
campo de control 20250618142457.0
007 - CAMPO FIJO DE DESCRIPCIÓN FÍSICA--INFORMACIÓN GENERAL
campo de control de longitud fija t|
008 - DATOS DE LONGITUD FIJA--INFORMACIÓN GENERAL
campo de control de longitud fija 031003s1982 sp ||||1| spa d
100 1# - ENTRADA PRINCIPAL--NOMBRE DE PERSONA
Nombre de persona Díaz-Plaja, Guillermo,
Fechas asociadas al nombre 1909-1984
9 (RLIN) 162428
245 10 - MENCIÓN DEL TÍTULO
Título Rembrandt y la sinagoga española /
Mención de responsabilidad, etc. Guillermo Díaz-Plaja.
250 ## - MENCION DE EDICION
Mención de edición [1ª ed.].
260 ## - PUBLICACIÓN, DISTRIBUCIÓN, ETC.
Lugar de publicación, distribución, etc. [Esplugues de Llobregat] :
Nombre del editor, distribuidor, etc. Plaza & Janés,
Fecha de publicación, distribución, etc. [1982]
300 ## - DESCRIPCIÓN FÍSICA
Extensión 265 p., 8 lám. ;
Dimensiones 22 cm.
600 04 - PUNTO DE ACCESO ADICIONAL DE MATERIA--NOMBRE DE PERSONA
Nombre de persona Rembrandt Harmenszoon van Rijn,
Fechas asociadas al nombre 1606-1669
9 (RLIN) 96120
650 #4 - PUNTO DE ACCESO ADICIONAL DE MATERIA--TÉRMINO DE MATERIA
Término de materia o nombre geográfico como elemento de entrada Sefardíes-
Subdivisión geográfica Amsterdam-
Subdivisión de forma Historia.
9 (RLIN) 156583
852 ## - LOCALIZACIÓN
Ubicación ES-MaACL
Número de control de estantería L-3669
Sublocalización o colección R.103849
Holdings
Estatus retirado Estado de pérdida Estado de daño No para préstamo Biblioteca de origen Biblioteca actual Ubicación en estantería Fecha de adquisición Fuente de adquisición Total de préstamos Signatura topográfica completa Código de barras Visto por última vez Precio de reemplazo Tipo de ítem Koha
        Biblioteca del Ateneo de Madrid Biblioteca del Ateneo de Madrid Depósito 2 17/01/2008     L-3669 1058991 23/02/2023 23/02/2023 Libro impreso